[Event "FIDE Online-ch U12 Girls 2020"]
[Site "Online"]
[Date "2020.12.19"]
[Round "4.3"]
[White "Shvedova, Alexandra"]
[Black "Kleymenova, Valeria"]
[Result "1/2-1/2"]
[WhiteElo "1994"]
[BlackElo "2018"]
[Annotator "TA"]
[PlyCount "217"]
[EventDate "2020.12.18"]
[EventType "k.o."]
[EventCountry "NET"]
[SourceTitle "playchess.com"]
[Source "ChessBase"]
[SourceQuality "1"]

{[%evp 14,217,33,35,35,-16,-14,-150,-140,-163,-120,-117,-35,-67,-42,-61,-37,-39,-12,-42,0,-17,0,-16,0,-76,1,-131,-88,-250,-230,-343,0,-368,435,436,424,426,506,506,447,377,879,211,1111,286,240,241,224,139,132,138,162,141,112,8,27,0,45,-81,39,19,18,-26,6,-75,-75,-312,-306,-308,-312,-529,0,0,0,0,0,0,3,0,0,0,0,0,0,0,0,0,0,0,0,0,0,0,0,0,0,0,0,0,0,0,0,0,0,0,0,0,0,0,0,0,0,0,0,0,0,0,0,0,0,0,0,0,0,0,0,0,0,0,0,0,0,0,0,0,0,0,0,0,0,0,0,0,0,0,0,0,0,0,0,0,0,0,0,0,0,0,0,0,0,0,0,0,0,0,0,-8,0,0,0,-8,-8,-8,-8,-29983,-29984,-29988,-29989,-29989,-29989,-29989,-29989,-29989,-29989,-29991,-29992,-29993,-29994,-29994,-29995,-29995,-29995,-29995,-29994,-29995,-29995,-29995,-29995,-29995,-29996,-29996,-29997,-29997,-29998,-29998]} 1. e4 c5 2. Ne2 e6 3. d4 cxd4 4. Nxd4 Nf6 5. Nc3 d6 6. g4 h6 7. h3 Nc6 8. Be3 d5 {[#] B81: Sicilian Scheveningen: Keres Attack.} 9. Nxc6 $146 (9. exd5 $14 Nxd5 10. Nxd5 Qxd5 11. Nxc6 $1 {[%mdl 512]} bxc6 12. Rg1) ({Predecessor:} 9. exd5 Nxd5 10. Nxd5 Qxd5 11. Rg1 Bd7 12. Bg2 Qa5+ 13. Qd2 Bb4 14. c3 Be7 15. Nb3 Qc7 16. Bc5 {0-1 (42) Pavlidis,A (2471)-Yu,Y (2662) Kocaeli 2013}) 9... bxc6 $11 10. e5 (10. exd5 $11 {remains equal.} cxd5 11. Qd4) 10... Nd7 $17 {Black is clearly better.} 11. f4 c5 {Threatens to win with ...d4.} 12. Bg2 Bb7 (12... Rb8 $17 13. Na4 Qa5+ 14. c3 Bb7) 13. Ne2 Qa5+ 14. c3 Qb6 {And now ...d4 would win.} 15. O-O Rc8 16. a4 a5 17. Bf2 Ba6 18. Re1 Be7 19. Ng3 (19. f5 $11) 19... Qxb2 {[#]} (19... Bc4 $17 20. Qd2 Rb8) 20. f5 (20. Bxd5 $1 $11 {[%mdl 512] keeps the balance.} exd5 21. Nf5) 20... Qxc3 21. fxe6 $2 (21. Bxd5 $17 exd5 22. f6) 21... fxe6 $19 22. Rc1 (22. Nf5 $142 exf5 23. gxf5) 22... Qb2 $2 (22... Qd3 $1 $19 {White must now prevent ...Bg5.} 23. Qxd3 Bxd3) 23. Nh5 $2 {[%mdl 8192]} (23. Rb1 $11 {and White has nothing to worry.} Qa3 24. Nf5) 23... Bf8 $4 {[%mdl 8192] [#]} (23... O-O $19 {and life is good for Black.} 24. Bg3 c4) 24. Bxd5 $1 $18 {[%mdl 512]} exd5 25. Qxd5 Qb7 26. Qe6+ Kd8 {aiming for ...Qc6.} 27. Rcd1 Be7 $2 {[#]} (27... Qc6 28. Rxd7+ Qxd7 29. Qxa6 Qc6 30. Qxa5+ Qc7 31. Qd2+ Qd7) 28. Nxg7 $2 (28. Nf6 $1 {[%cal Rd1d7][%mdl 512]} gxf6 29. exf6) 28... Qc6 $2 {[#]} (28... Rc6 29. Rd6 Bc4 30. Rxd7+ (30. Qxc4 Bxd6 31. exd6 Kc8 $16) 30... Qxd7 31. Qxc4 Qb7) 29. Qxc6 $2 (29. Rd6 $1 {[%mdl 512]} Bb7 (29... Bxd6 30. exd6) 30. Rxc6 Rxc6 31. Qf7) 29... Rxc6 30. e6 {[%mdl 64] Pin} Bc8 31. exd7 Bxd7 32. Nf5 Bg5 33. h4 Bf6 {[#]} 34. Re2 (34. Rd5 $1 $16) 34... Kc8 $11 35. Nd6+ Kc7 36. Red2 (36. Nb5+ $14 {stays ahead.} Kd8 37. Be1) 36... Rh7 (36... Bxg4 $17 37. Rc1 Rd8 38. Bxc5 Rg8 39. Nb5+ Kb7) 37. Nb5+ Kd8 38. Bg3 Re6 39. Nc7 (39. Rd5 $11) 39... Re4 $17 40. Nb5 $2 (40. Rb1 $17 {was necessary.} Bd4+ 41. Kh2) 40... Rxg4 $19 41. Kf2 Rhg7 ({But not} 41... Bxh4 42. Bxh4+ Rxh4 43. Rd5 $19) ({Much less strong is} 41... Rxa4 42. Rd5 $19) 42. Rd6 $2 (42. Bd6) 42... Bd4+ $2 ({Not} 42... Rxg3 43. Rxf6 Rg2+ 44. Kf3 $17) (42... Rf7 $19 43. Rxd7+ Rxd7 44. Bc7+ Ke7 45. Re1+ Kf7) 43. Nxd4 $11 cxd4 44. R6xd4 Rxd4 45. Rxd4 Rg4 46. Rxg4 Bxg4 {[%mdl 4096] Endgame KB-KB} 47. Bf4 $1 h5 48. Bd2 Bd1 49. Bxa5+ Kd7 50. Kg3 Bxa4 51. Bd2 Bd1 52. Kf4 Ke6 53. Kg5 Bg4 54. Be3 Ke5 55. Bf4+ Ke4 56. Bd6 Kf3 57. Ba3 $1 Ke4 58. Bc1 $1 Ke5 59. Bd2 Ke4 60. Ba5 Ke5 61. Bc7+ {Cut Off at move 61} Ke4 62. Bh2 $1 Kf3 63. Bg1 Ke4 64. Ba7 Ke5 65. Bb6 Ke4 66. Bd8 Ke5 67. Bf6+ Ke4 68. Bh8 Kf3 69. Ba1 $1 Ke4 70. Bg7 Kf3 71. Bh6 Ke4 72. Kf6 Kf3 73. Ke7 Kg3 74. Bg5 Kf3 75. Kd8 Kg3 76. Kc7 Kf3 77. Kb6 Kg3 78. Kb5 Kh3 79. Kb4 Kg3 80. Kb3 $1 Kh3 81. Kb2 Kg3 82. Kb1 $1 Kh3 83. Ka1 Kg3 84. Ka2 Bf5 85. Kb3 Kg4 86. Kc4 $1 Kg3 87. Kd5 Bg4 88. Kd6 Kh3 89. Ke5 Kg3 90. Bf4+ Kh3 91. Be3 Kxh4 92. Bg1 Kg3 93. Ke4 h4 94. Ke3 $2 {[%mdl 8192] White is on the road to losing.} (94. Bb6 $11) 94... h3 {Black mates.} 95. Bh2+ Kxh2 96. Kf2 Kh1 97. Kf1 Bf3 98. Kf2 h2 99. Kg3 Kg1 100. Kxf3 h1=Q+ 101. Ke2 Qe4+ 102. Kd2 Kf2 103. Kc3 Qd5 104. Kb4 Qc6 105. Kb3 Qc5 106. Kb2 Ke3 107. Kb1 Kd3 108. Kb2 Qb4+ 109. Ka1 {[%mdl 32768] Weighted Error Value: White=0.80/Black=0.55. An unexpected result.} 1/2-1/2

[Event "FIDE Online-ch U12 Girls 2020"]
[Site "Online"]
[Date "2020.12.19"]
[Round "4.3"]
[White "Lee, Alice"]
[Black "Tang, Zoey"]
[Result "1-0"]
[WhiteElo "1967"]
[BlackElo "1871"]
[Annotator "TA"]
[PlyCount "79"]
[EventDate "2020.12.18"]
[EventType "k.o."]
[EventCountry "NET"]
[SourceTitle "playchess.com"]
[Source "ChessBase"]
[SourceQuality "1"]

{[%evp 23,79,28,11,-27,-23,-56,-19,-14,-14,-32,-25,-31,0,-5,24,16,25,25,29,17,19,12,48,8,21,16,14,0,0,0,21,21,21,0,0,0,5,0,20,-14,-16,-59,39,36,116,47,98,0,19,0,0,0,0,0,2638,2208,1593,120]} 1. d4 Nf6 2. c4 g6 3. Nc3 Bg7 4. e4 d6 5. Nf3 O-O 6. Be2 e5 7. d5 Nbd7 8. Bg5 h6 9. Bh4 g5 10. Bg3 Nh5 11. Nd2 Nf4 12. O-O Nf6 {[#]} 13. Bxf4 $146 {E93: King's Indian: Classical: Petrosian System with 7...Nbd7.} ({Predecessor:} 13. Re1 Bd7 14. Bf1 h5 15. f3 Ng6 16. Bf2 g4 17. Kh1 h4 18. Be3 Nf4 19. Bxf4 exf4 20. e5 dxe5 21. Rxe5 {½-½ (46) Shchekachev,A (2532)-Van Dael,S (2242) Cappelle-la-Grande 2019}) 13... exf4 14. f3 Kh8 15. Nb3 {The position is equal.} Nd7 16. Nd4 Ne5 17. Rc1 a5 18. a3 f5 (18... Kg8 {with more complications.} 19. Kh1 Re8 20. b3 h5 21. Qd2 Bd7) 19. Nxf5 Bxf5 20. exf5 Rxf5 21. b4 axb4 22. axb4 Qe8 23. Ne4 Qg6 24. c5 Rff8 25. cxd6 cxd6 26. Rc7 g4 {aiming for ...gxf3.} 27. Kh1 ({Avoid the trap} 27. Rxb7 $2 gxf3 28. Bxf3 {[#]} Ra1 $1 $19 {[%mdl 512]}) 27... gxf3 28. Bxf3 Ra3 29. Qc1 Rd3 30. Nf2 {Be4 is the strong threat.} ({Don't go for} 30. Rxb7 $2 Nxf3 31. gxf3 Bd4 $19) 30... Rd4 31. Qc3 Nxf3 32. Qxf3 Be5 ({Black should try} 32... Rxb4 $15 33. h3 b5) 33. Rxb7 $14 Rg8 (33... Qg8 $14) 34. Rg1 (34. b5 $16) 34... Rd2 ({Better is} 34... Rg7 $14 35. Rxg7 Bxg7) 35. Ne4 ({White should play} 35. Re7 $16) 35... Rb2 36. Nf2 Bd4 37. Nd3 $1 {[%cal Rd3b2]} Rd2 38. Nxf4 Qf6 $2 {[%mdl 8192] [#]} (38... Qf5 $11 39. Rf1 Be5) 39. Qe4 $1 $18 {[%csl Gb7][%cal Re4h7]} Rg7 40. Nh5 $2 {Weighted Error Value: White=0.17/Black=0.24} (40. Rb8+ $18 Rg8 41. Ng6+ Qxg6 42. Qxg6 Rxb8 43. Qxh6+ {[%mdl 64] Double Attack} Kg8 44. Qxd2 Bxg1 45. Kxg1) 1-0